[Event "GER-ch U10"]
[Site "Magdeburg"]
[Date "2014.06.11"]
[Round "7"]
[White "Memtimin, Esma"]
[Black "Fischer, Laura"]
[Result "1-0"]
[WhiteElo "1002"]
[BlackElo "1091"]
[PlyCount "109"]
[EventDate "2014.06.08"]
[EventType "swiss"]
[EventRounds "11"]
[EventCountry "GER"]
[SourceTitle "CBM 160 Extra"]
[Source "ChessBase"]
[SourceDate "2014.07.01"]
[SourceVersion "1"]
[SourceVersionDate "2014.07.01"]
[SourceQuality "1"]

1. e4 e5 2. Nf3 Nc6 3. Nc3 Bc5 4. Bb5 Qf6 5. Bxc6 dxc6 6. d3 Ne7 7. 0-0 Bg4 8. Bg5 Bxf3 9. Bxf6 Bxd1 10. Bxe7 Bxe7 11. Rfxd1 0-0-0 12. Ne2 Rd7 13. Kf1 Rhd8 14. a3 c5 15. b4 c4 16. Nc1 Bg5 17. Ke2 c5 18. Na2 cxd3+ 19. Rxd3 c4 20. Rxd7 Rxd7 21. Rd1 b5 22. Nc3 a6 23. Nd5 f6 24. Nb6+ Kc7 25. Nxd7 g6 26. Nf8 Bh6 27. Ne6+ Kc6 28. g3 f5 29. Rd5 Bc1 30. exf5 gxf5 31. Rxe5 Kd6 32. f4 Bxa3 33. Nd4 Bxb4 34. Nxf5+ Kc6 35. g4 a5 36. Nd4+ Kb6 37. Rxb5+ Ka6 38. f5 Bc3 39. Rd5 a4 40. Rd8 a3 41. Ra8+ Kb7 42. Rxa3 Bxd4 43. g5 Bc5 44. Rh3 h6 45. g6 Bd4 46. Rxh6 Kc8 47. Rh7 Kd8 48. g7 Bxg7 49. Rxg7 Ke8 50. f6 Kf8 51. h4 Ke8 52. h5 c3 53. h6 Kd8 54. h7 Ke8 55. h8Q# 1-0

[Event "GER-ch U10"]
[Site "Magdeburg"]
[Date "2014.06.11"]
[Round "6"]
[White "Schoenweiler, Elisabeth"]
[Black "Memtimin, Esma"]
[Result "1-0"]
[WhiteElo "1217"]
[BlackElo "1002"]
[PlyCount "123"]
[EventDate "2014.06.08"]
[EventType "swiss"]
[EventRounds "11"]
[EventCountry "GER"]
[SourceTitle "CBM 160 Extra"]
[Source "ChessBase"]
[SourceDate "2014.07.01"]
[SourceVersion "1"]
[SourceVersionDate "2014.07.01"]
[SourceQuality "1"]

1. e4 e6 2. d4 d5 3. e5 c5 4. c3 Nc6 5. Nf3 Qb6 6. Be2 Nh6 7. a3 a5 8. 0-0 cxd4 9. cxd4 Nf5 10. Be3 Qxb2 11. Nbd2 Nfxd4 12. Bxd4 Nxd4 13. Nxd4 Qxd4 14. Nf3 Qxd1 15. Rfxd1 Bd7 16. Rdb1 Rb8 17. a4 Bc5 18. Bb5 Bxb5 19. Rxb5 b6 20. Rab1 0-0 21. Ne1 f6 22. Nd3 Bd4 23. exf6 Rxf6 24. Kf1 Kf7 25. f3 Ke7 26. Nc1 Kd6 27. Nb3 Be3 28. Ke2 d4 29. Nd2 Kc6 30. Nc4 Bf4 31. Rxb6+ Rxb6 32. Nxb6 Bxh2 33. Kd3 Bc7 34. Nc4 e5 35. Rb5 Rf5 36. Nxa5+ Bxa5 37. Rxa5 g6 38. Rb5 Rg5 39. g4 h5 40. gxh5 gxh5 41. Rb8 Kc7 42. Rh8 Kb6 43. Rb8+ Ka5 44. Ra8+ Kb4 45. a5 Rg1 46. a6 Rg7 47. a7 h4 48. Rb8+ Kc5 49. a8Q h3 50. Rh8 Rg1 51. Qc8+ Kb6 52. Qxh3 Rd1+ 53. Ke2 Ra1 54. Rb8+ Kc5 55. Rb2 d3+ 56. Kxd3 Ra3+ 57. Kc2 e4 58. Qc8+ Kd4 59. fxe4 Kxe4 60. Qc4+ Ke5 61. Rb5+ Kd6 62. Qc5+ 1-0

[Event "GER-ch U10"]
[Site "Magdeburg"]
[Date "2014.06.09"]
[Round "4"]
[White "Memtimin, Esma"]
[Black "Yi, Danny"]
[Result "0-1"]
[WhiteElo "1002"]
[BlackElo "1369"]
[PlyCount "72"]
[EventDate "2014.06.08"]
[EventType "swiss"]
[EventRounds "11"]
[EventCountry "GER"]
[SourceTitle "CBM 160 Extra"]
[Source "ChessBase"]
[SourceDate "2014.07.01"]
[SourceVersion "1"]
[SourceVersionDate "2014.07.01"]
[SourceQuality "1"]

1. d4 d5 2. c4 e6 3. Nc3 Nf6 4. a3 c6 5. Bf4 Nbd7 6. Nf3 Be7 7. e3 0-0 8. c5 Re8 9. Bd3 Nf8 10. 0-0 Ng6 11. Bg5 Ng4 12. Bxe7 Qxe7 13. Bxg6 fxg6 14. h3 Nf6 15. Qd2 Rf8 16. Rfe1 Nd7 17. Re2 Qf6 18. e4 b6 19. b4 Ba6 20. Re3 bxc5 21. bxc5 Rab8 22. Ra2 Bc4 23. Rb2 Rxb2 24. Qxb2 Rb8 25. e5 Qf5 26. Qd2 Rb3 27. Nh4 Qf4 28. g3 Qg5 29. f4 Qd8 30. Nd1 Qb8 31. Qc2 Qb5 32. Nc3 Qb7 33. Nf3 Rxa3 34. Nd1 Qb4 35. Nd2 Ra2 36. Qb1 Qxd2 0-1

[Event "Hessen-ch U10"]
[Site "Bad Homburg"]
[Date "2014.??.??"]
[Round "3"]
[White "Kirchner, Markus"]
[Black "Memtimin, Esma"]
[Result "1-0"]
[WhiteElo "1347"]
[BlackElo "962"]
[PlyCount "51"]
[EventDate "2014.04.??"]
[EventType "swiss"]
[EventRounds "7"]
[EventCountry "GER"]
[SourceTitle "EXT 2022"]
[Source "ChessBase"]
[SourceDate "2021.10.06"]
[SourceVersion "1"]
[SourceVersionDate "2021.10.06"]
[SourceQuality "1"]

1. e4 e5 2. Nf3 Nc6 3. Bc4 Bc5 4. c3 d6 5. d4 exd4 6. cxd4 Bb4+ 7. Bd2 Bxd2+ 8. Nbxd2 Bg4 9. Qc2 Bxf3 10. Nxf3 Nf6 11. Bb5 0-0 12. Bxc6 bxc6 13. Qxc6 Re8 14. Nd2 Qe7 15. 0-0 Rab8 16. Rab1 Rb4 17. Qc3 c5 18. f3 Rxd4 19. Nb3 Ra4 20. Ra1 d5 21. exd5 Nxd5 22. Qxc5 Qg5 23. Rfd1 Re5 24. Qc8+ Qd8 25. Qxd8+ Re8 26. Qxe8# 1-0

[Event "Hessen-ch U10"]
[Site "Bad Homburg"]
[Date "2014.??.??"]
[Round "7"]
[White "Memtimin, Esma"]
[Black "Lehmann, Nils"]
[Result "1-0"]
[WhiteElo "962"]
[BlackElo "1033"]
[PlyCount "29"]
[EventDate "2014.04.??"]
[EventType "swiss"]
[EventRounds "7"]
[EventCountry "GER"]
[SourceTitle "EXT 2022"]
[Source "ChessBase"]
[SourceDate "2021.10.06"]
[SourceVersion "1"]
[SourceVersionDate "2021.10.06"]
[SourceQuality "1"]

1. d4 d5 2. c4 Nf6 3. Bf4 Nc6 4. Nf3 Bf5 5. Nc3 e6 6. a3 Be7 7. Nb5 Rc8 8. e3 a6 9. Nc3 0-0 10. Bd3 Bd6 11. cxd5 Nxd5 12. Nxd5 Bxd3 13. Qxd3 exd5 14. Ng5 h6 15. Qh7# 1-0

[Event "Hessen-ch U10"]
[Site "Bad Homburg"]
[Date "2013.??.??"]
[Round "6"]
[White "Memtimin, Esma"]
[Black "Bethke, Robert"]
[Result "0-1"]
[WhiteElo "821"]
[BlackElo "1058"]
[PlyCount "126"]
[EventDate "2013.03.??"]
[EventType "swiss"]
[EventRounds "9"]
[EventCountry "GER"]
[SourceTitle "EXT 2014"]
[Source "ChessBase"]
[SourceDate "2013.11.20"]
[SourceVersion "1"]
[SourceVersionDate "2013.11.20"]
[SourceQuality "1"]

1. c4 e5 2. Nc3 Nc6 3. Nf3 Bb4 4. d4 exd4 5. Nxd4 Nxd4 6. Qxd4 Bxc3+ 7. Qxc3 Nf6 8. Bg5 h6 9. Bxf6 Qxf6 10. Qxf6 gxf6 11. e4 d6 12. Be2 f5 13. exf5 Bxf5 14. 0-0 0-0-0 15. Rad1 Kb8 16. Rd5 Be6 17. Rb5 a6 18. Rb3 d5 19. Bf3 c6 20. cxd5 Bxd5 21. Bxd5 Rxd5 22. Re1 Rhd8 23. g3 Rf8 24. Re7 Rb5 25. Rxb5 axb5 26. Kg2 Ka7 27. Kf3 Kb6 28. h3 c5 29. a3 Ka6 30. b4 c4 31. Ke3 c3 32. Rc7 Re8+ 33. Kd3 Re1 34. Kxc3 Rc1+ 35. Kd4 Rxc7 36. f4 Rc2 37. Ke3 Rh2 38. h4 Ra2 39. g4 Rxa3+ 40. Ke4 Rg3 41. g5 hxg5 42. fxg5 Rh3 43. Kf5 Rxh4 44. Kf6 Rg4 45. Kf5 Rg1 46. Kf6 Rf1+ 47. Kg7 Kb6 48. Kh6 Kc6 49. Kh5 Kd5 50. Kg4 Kc4 51. Kg3 Kxb4 52. Kg2 Rf5 53. g6 fxg6 54. Kg3 Kc3 55. Kg4 b4 56. Kg3 b3 57. Kh4 b2 58. Kh3 Rg5 59. Kh4 Rg2 60. Kh3 Rg1 61. Kh2 b1R 62. Kh3 Rb2 63. Kh4 Rh2# 0-1